SČMVD: Orientace na aktivní pomoc družstvům.

Rozhovor s riaditeľom odboru odvetví a obchodu Zväzu českých a moravských výrobných družstiev. Poslanie Zväzu a prehľad služieb, ktoré poskytuje členom i nečlenom. Podpora podnikateľskej aktivity. Rozvoj informatiky. Spolupráca so slovenskými partnermi a problémy transformácie výrobného družstevníct...

Ausführliche Beschreibung

Gespeichert in:
Bibliographische Detailangaben
1. Verfasser: Krček, K.
Weitere Verfasser: Tomášová, L.
Format: Buchkapitel
Sprache:Tschechisch
Schlagworte:
Tags: Tag hinzufügen
Keine Tags, Fügen Sie das erste Tag hinzu!

MARC

LEADER 00000naa a2200000 4500
001 r008934
005 20220831090925.2
041 0 |a cze 
044 |a [CS] 
245 1 0 |a SČMVD: Orientace na aktivní pomoc družstvům.  |c K. Krček, L. Tomášová 
520 |a Rozhovor s riaditeľom odboru odvetví a obchodu Zväzu českých a moravských výrobných družstiev. Poslanie Zväzu a prehľad služieb, ktoré poskytuje členom i nečlenom. Podpora podnikateľskej aktivity. Rozvoj informatiky. Spolupráca so slovenskými partnermi a problémy transformácie výrobného družstevníctva. 
610 2 0 |a družstvá výrobné 
610 2 0 |a organizácia 
610 2 0 |a Čechy 
610 2 0 |a podnikanie 
610 2 0 |a informatika 
610 2 0 |a transformácia 
100 1 |a Krček, K. 
700 1 |a Tomášová, L.